Los Pactos de la Moncloa (Record no. 113685)

MARC details
000 -LEADER
campo de control de longitud fija 00702nam a2200205 4500
001 - NÚMERO DE CONTROL
campo de control 113685
003 - IDENTIFICADOR DE NÚMERO DE CONTROL
campo de control ES-MaACL
005 - FECHA Y HORA DE LA ÚLTIMA TRANSACCIÓN
campo de control 20230906185957.0
007 - CAMPO FIJO DE DESCRIPCIÓN FÍSICA--INFORMACIÓN GENERAL
campo de control de longitud fija t|
008 - DATOS DE LONGITUD FIJA--INFORMACIÓN GENERAL
campo de control de longitud fija 061121s1977 sp r ||||1| spa d
245 04 - MENCIÓN DEL TÍTULO
Título Los Pactos de la Moncloa
Resto del título : texto completo del acuerdo económico y del acuerdo político, Madrid 8-27 octubre 1977.
250 ## - MENCION DE EDICION
Mención de edición [4ª ed.].
260 ## - PUBLICACIÓN, DISTRIBUCIÓN, ETC.
Lugar de publicación, distribución, etc. Madrid :
Nombre del editor, distribuidor, etc. Presidencia del Gobierno, Servicio Central de Publicaciones.
300 ## - DESCRIPCIÓN FÍSICA
Extensión 96 p. ;
Dimensiones 17 cm.
490 1# - MENCIÓN DE SERIE
Mención de serie Colección informe ;
Designación de volumen o secuencia 17
710 1# - ENTRADA AGREGADA--NOMBRE DE ENTIDAD CORPORATIVA
Nombre de entidad corporativa o nombre de jurisdicción como elemento de entrada España.
Unidad subordinada Presidencia del Gobierno.
9 (RLIN) 3951
830 0# - PUNTO DE ACCESO ADICIONAL DE SERIE-TÍTULO UNIFORME
Título uniforme Colección informe ;
Designación de volumen o secuencia 17
9 (RLIN) 182115
852 ## - LOCALIZACIÓN
Ubicación ES-MaACL
Número de control de estantería L-5976
Sublocalización o colección R.106018
Holdings
Estatus retirado Estado de pérdida Estado de daño No para préstamo Biblioteca de origen Biblioteca actual Ubicación en estantería Fecha de adquisición Fuente de adquisición Total de préstamos Signatura topográfica completa Código de barras Visto por última vez Precio de reemplazo Tipo de ítem Koha
        Biblioteca del Ateneo de Madrid Biblioteca del Ateneo de Madrid Depósito 2 17/01/2008     L-5976 1118564 23/02/2023 23/02/2023 Libro impreso